15 Most Populated US States - Statistics

General Stats
  • This quiz has been taken 64 times
  • The average score is 14 of 15
Answer Stats
Population US State % Correct
39,865,590 California
100%
21,299,325 Florida
100%
19,542,209 New York
100%
29,206,997 Texas
100%
10,519,475 Georgia
97%
12,741,080 Illinois
97%
12,807,060 Pennsylvania
95%
11,689,442 Ohio
93%
7,535,591 Washington
93%
9,995,915 Michigan
92%
7,171,646 Arizona
88%
6,902,149 Massachusetts
88%
10,383,620 North Carolina
88%
8,517,685 Virginia
88%
8,908,520 New Jersey
85%
No matching quizzes found
Score Distribution
Percent of People with Each Score
Percentile by Number Answered
Your Score History
You have not taken this quiz